00463nam a22001457a 4500008004100000020001500041050002800056100002900084245009800113250001300211260003800224300001000262650002500272650002000297220921b |||||||| |||| 00| 0 eng d a0835809368 aBV4501.2b.M85 2001 C.1 aMulholland JR, M. Robert aShaped by the word:bThe power of scripture in spiritual formation/cM. Robert Mulholland JR. aRev. ed. aNashvillebUpper Room Booksc2001 a176p. aSpiritual formation  aBible vReading